[Event "Titled Tuesday intern op 09th Jul Early"]
[Site "Chess.com INT"]
[Date "2024.07.09"]
[Round "9"]
[White "Ivanov, Andrey A"]
[Black "Sreyas, Payyappat"]
[Result "0-1"]
[WhiteElo "1942"]
[BlackElo "2084"]
[PlyCount "60"]
[EventDate "2024.07.09"]
[EventType "swiss (blitz)"]
[EventRounds "11"]
[EventCountry "USA"]
[SourceTitle "EXT 2025"]
[Source "ChessBase"]
[SourceDate "2024.10.14"]
[SourceVersion "1"]
[SourceVersionDate "2024.10.14"]
[SourceQuality "1"]

1. d4 Nf6 2. c4 c5 3. d5 e6 4. Nc3 exd5 5. cxd5 d6 6. e4 g6 7. f4 Bg7 8. Nf3 0-0 9. Bd3 b5 10. 0-0 c4 11. Bc2 b4 12. Ne2 Re8 13. Ng3 Bg4 14. h3 Bxf3 15. Qxf3 Nbd7 16. Rb1 Nc5 17. Be3 b3 18. axb3 cxb3 19. Bd1 Nfxe4 20. Nxe4 Nxe4 21. Bxb3 Rb8 22. Bc2 f5 23. b3 Rc8 24. Bxe4 Rxe4 25. Qf2 Qe7 26. Rfe1 Re8 27. Bd2 Bd4 28. Rxe4 Bxf2+ 29. Kxf2 Qxe4 30. Re1 Qd4+ 0-1

[Event "Chess.com Speed Play In"]
[Site "Chess.com INT"]
[Date "2024.06.27"]
[Round "8"]
[White "Fabris, Alberto"]
[Black "Ivanov, Andrey A"]
[Result "0-1"]
[WhiteElo "2230"]
[BlackElo "2012"]
[PlyCount "76"]
[EventDate "2024.06.27"]
[EventType "swiss (blitz)"]
[EventRounds "11"]
[EventCountry "USA"]
[SourceTitle "CBM 220 Extra"]
[Source "ChessBase"]
[SourceDate "2024.07.31"]
[SourceVersion "1"]
[SourceVersionDate "2024.07.31"]
[SourceQuality "1"]

1. e4 c5 2. Nf3 d6 3. d4 cxd4 4. Nxd4 Nf6 5. Nc3 a6 6. f3 e5 7. Nb3 Be7 8. Be3 Be6 9. Qd2 h5 10. Nd5 Nxd5 11. exd5 Bf5 12. c4 Nd7 13. Na5 Qc7 14. Rc1 Nc5 15. b4 Nd7 16. Be2 0-0 17. 0-0 Rac8 18. Nb3 b6 19. a4 Qb7 20. a5 bxa5 21. Nxa5 Qb8 22. Nc6 Rxc6 23. dxc6 Nf6 24. b5 axb5 25. cxb5 d5 26. c7 Qb7 27. Qb2 d4 28. Bf2 Nd5 29. Bg3 f6 30. Bc4 Kh8 31. Bxd5 Qxd5 32. b6 Qb7 33. Qb5 Bc8 34. f4 e4 35. Qxh5+ Kg8 36. Qd5+ Qxd5 37. Ra1 Bc5 38. Kh1 Bxb6 0-1

[Event "Chess.com Speed Play In"]
[Site "Chess.com INT"]
[Date "2024.06.27"]
[Round "5"]
[White "Viana, Valeria"]
[Black "Ivanov, Andrey A"]
[Result "1/2-1/2"]
[WhiteElo "1923"]
[BlackElo "2012"]
[PlyCount "78"]
[EventDate "2024.06.27"]
[EventType "swiss (blitz)"]
[EventRounds "11"]
[EventCountry "USA"]
[SourceTitle "CBM 220 Extra"]
[Source "ChessBase"]
[SourceDate "2024.07.31"]
[SourceVersion "1"]
[SourceVersionDate "2024.07.31"]
[SourceQuality "1"]

1. e4 c5 2. Nf3 d6 3. Bb5+ Bd7 4. Bxd7+ Qxd7 5. c4 Nc6 6. Nc3 g6 7. d4 cxd4 8. Nxd4 Bg7 9. Be3 Nf6 10. f3 0-0 11. 0-0 Rac8 12. b3 a6 13. Rc1 Rfd8 14. Qe2 Nxd4 15. Bxd4 Ne8 16. Qe3 Nc7 17. Rfd1 Ne6 18. Bxg7 Kxg7 19. Rd5 h5 20. Rcd1 Rc5 21. Rxc5 Nxc5 22. h3 Ne6 23. Rd5 Qc7 24. Kh1 Qc6 25. e5 dxe5 26. Qxe5+ f6 27. Qe3 Kf7 28. Qd2 Rd6 29. Ne4 Ng5 30. Rxd6 exd6 31. Nxg5+ fxg5 32. Qxg5 Qd7 33. Qd5+ Kg7 34. Kh2 Qe7 35. Kg3 Qe1+ 36. Kf4 Qc1+ 37. Kg3 Qe1+ 38. Kh2 Qe7 39. Kg3 Qe1+ 1/2-1/2

[Event "Titled Tuesday intern op 25th Jun Late"]
[Site "Chess.com INT"]
[Date "2024.06.25"]
[Round "2"]
[White "Buchenau, Frank"]
[Black "Ivanov, Andrey A"]
[Result "1-0"]
[WhiteElo "2174"]
[BlackElo "2012"]
[PlyCount "61"]
[EventDate "2024.06.25"]
[EventType "swiss (blitz)"]
[EventRounds "11"]
[EventCountry "USA"]
[SourceTitle "EXT 2025"]
[Source "ChessBase"]
[SourceDate "2024.10.14"]
[SourceVersion "1"]
[SourceVersionDate "2024.10.14"]
[SourceQuality "1"]

1. e4 c5 2. Nf3 d6 3. Bb5+ Bd7 4. Bxd7+ Qxd7 5. c4 Nf6 6. Nc3 Nc6 7. d4 cxd4 8. Nxd4 e6 9. 0-0 Be7 10. Be3 a6 11. f4 0-0 12. Rc1 Rac8 13. b3 Rfd8 14. Qf3 e5 15. Nf5 exf4 16. Bxf4 Ne5 17. Bxe5 dxe5 18. Nd5 Nxd5 19. exd5 Bc5+ 20. Kh1 f6 21. Rcd1 b5 22. d6 Rb8 23. Qd5+ Kh8 24. Qxc5 Rbc8 25. Qd5 bxc4 26. bxc4 Rc6 27. c5 Rdc8 28. Ne7 Rxc5 29. Qf7 Ra8 30. Ng6+ hxg6 31. Qxd7 1-0

[Event "Titled Tuesday intern op 25th Jun Early"]
[Site "Chess.com INT"]
[Date "2024.06.25"]
[Round "2"]
[White "Ivanov, Andrey A"]
[Black "Dias, Paulo Jorge Guimara"]
[Result "0-1"]
[WhiteElo "2012"]
[BlackElo "2308"]
[PlyCount "154"]
[EventDate "2024.06.25"]
[EventType "swiss (blitz)"]
[EventRounds "11"]
[EventCountry "USA"]
[SourceTitle "EXT 2025"]
[Source "ChessBase"]
[SourceDate "2024.10.14"]
[SourceVersion "1"]
[SourceVersionDate "2024.10.14"]
[SourceQuality "1"]

1. d4 Nf6 2. c4 g6 3. Nc3 d5 4. cxd5 Nxd5 5. e4 Nxc3 6. bxc3 Bg7 7. Nf3 c5 8. Bc4 0-0 9. 0-0 Bg4 10. Be3 Nc6 11. h3 Bxf3 12. Qxf3 cxd4 13. cxd4 Nxd4 14. Bxd4 Qxd4 15. Bd5 Rab8 16. Rab1 b6 17. Rfd1 Qe5 18. Rbc1 e6 19. Bb3 Bh6 20. Rc4 Rbc8 21. Rxc8 Rxc8 22. g3 Rc7 23. Rd8+ Kg7 24. Qd3 Bg5 25. Rd4 Bf6 26. Ra4 h5 27. h4 Qc5 28. Rc4 Qe7 29. Kg2 Rd7 30. Qf3 Be5 31. Rc2 Bd4 32. Rd2 Bc5 33. Qc3+ Kg8 34. Rc2 Rd4 35. Qf3 Kg7 36. Re2 a5 37. e5 Qd8 38. Bc2 Qd5 39. Be4 Qd8 40. Bc2 a4 41. Be4 Be7 42. Bc6 a3 43. Qb3 Rd3 44. Qc2 Bc5 45. Be4 Rd4 46. Bf3 Qd7 47. Qb3 Rd2 48. Rxd2 Qxd2 49. Kh3 Qxf2 50. Bg2 Qf5+ 51. Kh2 Qxe5 52. Qf3 Bd6 53. Kh3 Qf5+ 54. Qxf5 gxf5 55. Bf3 Kg6 56. Kg2 e5 57. Kf2 e4 58. Bd1 f4 59. Bb3 fxg3+ 60. Kg2 f5 61. Bd5 Be7 62. Be6 Bxh4 63. Bd5 Bf6 64. Kh3 h4 65. Bc6 Kg5 66. Bd5 Kf4 67. Be6 Ke5 68. Bd7 f4 69. Bc6 f3 70. Bxe4 g2 71. Bxf3 g1Q 72. Bg2 Qxg2+ 73. Kxg2 Kd4 74. Kh3 Kc3 75. Kg4 Kb2 76. Kf5 Kxa2 77. Ke6 h3 0-1

[Event "Titled Tuesday intern op 25th Jun Late"]
[Site "Chess.com INT"]
[Date "2024.06.25"]
[Round "4"]
[White "Omariev, Maksim"]
[Black "Ivanov, Andrey A"]
[Result "1-0"]
[WhiteElo "2304"]
[BlackElo "2012"]
[PlyCount "151"]
[EventDate "2024.06.25"]
[EventType "swiss (blitz)"]
[EventRounds "11"]
[EventCountry "USA"]
[SourceTitle "EXT 2025"]
[Source "ChessBase"]
[SourceDate "2024.10.14"]
[SourceVersion "1"]
[SourceVersionDate "2024.10.14"]
[SourceQuality "1"]

1. a3 a6 2. b3 b6 3. c3 c6 4. d3 d6 5. e3 e6 6. f3 f6 7. g3 g6 8. h3 h6 9. Bb2 Bb7 10. Bg2 Bg7 11. Ne2 Ne7 12. Nd2 Nd7 13. Qc2 Qc7 14. c4 c5 15. Nf4 Kf7 16. 0-0 Nf5 17. Kf2 g5 18. Nh5 Rae8 19. g4 Nh4 20. Bh1 Ne5 21. d4 cxd4 22. exd4 Neg6 23. Rae1 e5 24. Ne4 Bxe4 25. fxe4 Nf4 26. Nxf4 gxf4 27. Bf3 Rhf8 28. Qd3 Ng6 29. d5 Qc5+ 30. Kg2 Nh4+ 31. Kh2 Re7 32. Bd1 Rc8 33. Re2 Rec7 34. Rc2 a5 35. Be2 Ra7 36. Bd1 Rb7 37. Bc1 Ng6 38. Be2 b5 39. Bb2 b4 40. a4 Rbc7 41. Bc1 Rb7 42. Bd2 Rbc7 43. Be1 Rb7 44. Bf2 Qc7 45. Rfc1 Bf8 46. c5 dxc5 47. Qa6 Bd6 48. Bxc5 Qd7 49. Bxd6 Rxc2 50. Rxc2 Ra7 51. Qc6 Qxc6 52. Rxc6 Rd7 53. Bc4 f3 54. Bc5 Nf4 55. Kg3 Kg6 56. Kxf3 h5 57. gxh5+ Kxh5 58. h4 Kxh4 59. Rxf6 Kg5 60. Rf5+ Kg6 61. Rxe5 Rd8 62. Rf5 Nh3 63. Kg3 Ng5 64. Kf4 Nh3+ 65. Ke3 Ng5 66. Bd4 Re8 67. Rf6+ Kh5 68. e5 Kg4 69. e6 Rc8 70. Rf4+ Kh5 71. e7 Kh6 72. d6 Ne6 73. Bxe6 Re8 74. Bf7 Rxe7+ 75. dxe7 Kh7 76. Rh4# 1-0

[Event "IRL-ch 102nd"]
[Site "Dublin"]
[Date "2023.08.08"]
[Round "4"]
[White "Ivanov, Andrey A"]
[Black "Melaugh, Shane"]
[Result "0-1"]
[WhiteElo "1900"]
[BlackElo "2110"]
[PlyCount "58"]
[EventDate "2023.08.05"]
[EventType "swiss"]
[EventRounds "9"]
[EventCountry "IRL"]
[SourceTitle "CBM 215 Extra"]
[Source "ChessBase"]
[SourceDate "2023.09.30"]
[SourceVersion "1"]
[SourceVersionDate "2023.09.30"]
[SourceQuality "1"]

1. d4 e6 2. c4 f5 3. Nf3 Nf6 4. g3 Be7 5. Bg2 d6 6. Nc3 0-0 7. 0-0 Ne4 8. Nxe4 fxe4 9. Ne1 d5 10. f3 dxc4 11. fxe4 Rxf1+ 12. Kxf1 Nc6 13. Nf3 b5 14. Bf4 g5 15. Be3 g4 16. Ne1 Bg5 17. Bxg5 Qxg5 18. Nc2 Bb7 19. e3 Ne7 20. Qe2 Qg6 21. e5 Rf8+ 22. Kg1 Be4 23. Ne1 Nd5 24. a4 a6 25. axb5 axb5 26. Ra6 Bxg2 27. Nxg2 Qb1+ 28. Ne1 Rf3 29. e4 Ne3 0-1

[Event "UKR-ch sf"]
[Site "Alushta"]
[Date "2008.05.14"]
[Round "4"]
[White "Muhtarov, Leonid"]
[Black "Ivanov, Andrey A"]
[Result "0-1"]
[WhiteElo "2159"]
[BlackElo "2360"]
[PlyCount "125"]
[EventDate "2008.05.10"]
[EventType "swiss"]
[EventRounds "9"]
[EventCountry "UKR"]
[SourceTitle "CBM 124 Extra"]
[Source "ChessBase"]
[SourceDate "2008.07.03"]
[SourceVersion "1"]
[SourceVersionDate "2008.07.03"]
[SourceQuality "1"]

1. Nf3 Nf6 2. g3 b6 3. Bg2 Bb7 4. c4 c5 5. Nc3 e6 6. 0-0 Be7 7. Re1 a6 8. e4 d6 9. d4 cxd4 10. Nxd4 Qc7 11. Be3 Nbd7 12. f4 0-0 13. Rc1 Rfe8 14. g4 Nc5 15. Bf2 g6 16. b4 Ncd7 17. Nd5 exd5 18. cxd5 Qd8 19. Nc6 Bxc6 20. dxc6 Nf8 21. c7 Qd7 22. e5 Nxg4 23. Bxb6 Rac8 24. e6 Qb5 25. exf7+ Kxf7 26. Qd5+ Kg7 27. Qxb5 axb5 28. Bc6 Kf7 29. Bxb5 Nf6 30. Ba6 Ne6 31. Bxc8 Rxc8 32. Ba5 Nd4 33. Red1 Ne2+ 34. Kf1 Nxc1 35. Rxc1 Nd7 36. b5 d5 37. Rc6 Nc5 38. Bb4 Nb7 39. Bc3 Bd6 40. Be5 Ke7 41. b6 Bc5 42. a4 Kd7 43. Rf6 Rf8 44. c8Q+ Rxc8 45. Rf7+ Kc6 46. Bc7 Bxb6 47. Be5 Bc7 48. Rxh7 Bxe5 49. fxe5 Re8 50. Rh6 Re6 51. h4 Nc5 52. Kf2 Nd3+ 53. Kg3 Nxe5 54. h5 Kb6 55. Rh8 gxh5 56. Rxh5 d4 57. Rh1 Nc4 58. Rd1 Kc5 59. Kf4 Ra6 60. Ra1 d3 61. Ke4 d2 62. Kf3 Kb4 63. Ke2 0-1

[Event "Rodatychi op"]
[Site "Rodatychi"]
[Date "2006.08.31"]
[Round "7"]
[White "Ivanov, Andrey A"]
[Black "Ajrapetjan, Yuriy"]
[Result "1-0"]
[WhiteElo "2332"]
[BlackElo "2406"]
[PlyCount "87"]
[EventDate "2006.08.27"]
[EventType "swiss"]
[EventRounds "9"]
[EventCountry "UKR"]
[SourceTitle "EXT 2008"]
[Source "ChessBase"]
[SourceDate "2007.11.25"]
[SourceVersion "1"]
[SourceVersionDate "2007.11.25"]
[SourceQuality "1"]

1. e4 e5 2. Nf3 Nc6 3. Bb5 g6 4. 0-0 Bg7 5. c3 a6 6. Ba4 d6 7. d4 Bd7 8. d5 Nce7 9. Bxd7+ Qxd7 10. c4 h6 11. Nc3 f5 12. Ne1 Nf6 13. f3 0-0 14. Nd3 b5 15. cxb5 axb5 16. Qb3 Kh7 17. Be3 fxe4 18. fxe4 c5 19. dxc6 Nxc6 20. h3 Na5 21. Qc2 Rac8 22. Nb4 Rc4 23. a3 Nxe4 24. Rxf8 Bxf8 25. Nxe4 Qf5 26. Nc3 Qxc2 27. Nxc2 d5 28. Rf1 Bc5 29. Bxc5 Rxc5 30. Nb4 d4 31. Ne4 Rc7 32. Nd5 Rb7 33. Nd6 Ra7 34. Nxb5 Rb7 35. Nd6 Ra7 36. b4 Nb3 37. b5 Nc5 38. b6 Rg7 39. Rf8 g5 40. Nf5 Rb7 41. Nfe7 Kg7 42. Rc8 d3 43. Rxc5 d2 44. Nf5+ 1-0

[Event "Rodatychi op"]
[Site "Rodatychi"]
[Date "2006.08.31"]
[Round "8"]
[White "Ivanov, Andrey A"]
[Black "Tisevich, Roman"]
[Result "1-0"]
[WhiteElo "2332"]
[BlackElo "2415"]
[PlyCount "83"]
[EventDate "2006.08.27"]
[EventType "swiss"]
[EventRounds "9"]
[EventCountry "UKR"]
[SourceTitle "EXT 2008"]
[Source "ChessBase"]
[SourceDate "2007.11.25"]
[SourceVersion "1"]
[SourceVersionDate "2007.11.25"]
[SourceQuality "1"]

1. e4 e5 2. Nf3 Nc6 3. Bb5 g6 4. 0-0 Bg7 5. c3 a6 6. Ba4 d6 7. d4 Bd7 8. d5 Nce7 9. Bxd7+ Qxd7 10. c4 h6 11. Nc3 f5 12. Ne1 Nf6 13. f3 0-0 14. Nd3 Rf7 15. Be3 Raf8 16. c5 h5 17. Qb3 fxe4 18. fxe4 Ng4 19. Rxf7 Rxf7 20. Bg5 b5 21. cxb6 cxb6 22. Qxb6 Nf5 23. Qd8+ Qxd8 24. Bxd8 Nd4 25. Bg5 Rb7 26. h3 Nh6 27. Rf1 Nf7 28. Bd2 Bf8 29. b3 Be7 30. Nb2 Bd8 31. Nc4 Bc7 32. Kh2 Kg7 33. Be3 Kg8 34. Bxd4 exd4 35. Ne2 Ne5 36. Nxd4 Nxc4 37. bxc4 h4 38. Ne6 Bb6 39. Rb1 Rb8 40. Nd4 Kg7 41. Nc6 Rb7 42. e5 1-0

[Event "Rodatychi op"]
[Site "Rodatychi"]
[Date "2006.08.28"]
[Round "3"]
[White "Ivanov, Andrey A"]
[Black "Oleksienko, Mikhailo"]
[Result "0-1"]
[WhiteElo "2332"]
[BlackElo "2497"]
[PlyCount "102"]
[EventDate "2006.08.27"]
[EventType "swiss"]
[EventRounds "9"]
[EventCountry "UKR"]
[SourceTitle "EXT 2008"]
[Source "ChessBase"]
[SourceDate "2007.11.25"]
[SourceVersion "1"]
[SourceVersionDate "2007.11.25"]
[SourceQuality "1"]

1. e4 c5 2. Nf3 Nc6 3. d4 cxd4 4. Nxd4 Nf6 5. Nc3 e5 6. Ndb5 d6 7. Bg5 a6 8. Na3 b5 9. Nd5 Be7 10. Bxf6 Bxf6 11. Nb1 0-0 12. a4 b4 13. Nd2 Bb7 14. Bc4 Ne7 15. 0-0 Nxd5 16. Bxd5 Bxd5 17. exd5 Qc8 18. b3 Bg5 19. Nc4 Qc5 20. Qg4 h6 21. Rad1 f5 22. Qh5 Kh7 23. Kh1 Bd8 24. Qe2 Bb6 25. Qe3 Qxe3 26. fxe3 Bc5 27. g3 g5 28. Kg2 Kg6 29. h3 h5 30. g4 f4 31. exf4 gxf4 32. Kf3 hxg4+ 33. hxg4 e4+ 34. Kxe4 f3 35. Kd3 Rae8 36. Rde1 Rxe1 37. Rxe1 f2 38. Rf1 Kg5 39. Nd2 Kxg4 40. Ne4 Kf3 41. Nxf2 Kg2 42. Ne4 Kxf1 43. Nxc5 dxc5 44. Kc4 Rc8 45. d6 Ke2 46. d7 Rd8 47. Kxc5 a5 48. Kb6 Kd2 49. Kxa5 Kc3 50. Kb5 Rxd7 51. a5 Rd8 0-1

[Event "UKR-ch sf"]
[Site "Alushta"]
[Date "2006.05.19"]
[Round "7"]
[White "Sumets, Andrey"]
[Black "Ivanov, Andrey A"]
[Result "1-0"]
[WhiteElo "2461"]
[BlackElo "2326"]
[PlyCount "119"]
[EventDate "2006.05.13"]
[EventType "swiss"]
[EventRounds "9"]
[EventCountry "UKR"]
[SourceTitle "CBM 112 Extra"]
[Source "ChessBase"]
[SourceDate "2006.07.14"]
[SourceVersion "1"]
[SourceVersionDate "2006.07.14"]
[SourceQuality "1"]

1. d4 d5 2. c4 c6 3. cxd5 cxd5 4. Nf3 Nf6 5. Nc3 Nc6 6. Bf4 e6 7. e3 a6 8. Rc1 Bd6 9. Bg3 Bxg3 10. hxg3 Qd6 11. Bd3 Bd7 12. a3 Rc8 13. Rh4 e5 14. dxe5 Nxe5 15. Nxe5 Qxe5 16. Bb1 Rc4 17. Rf4 Bg4 18. Qd3 Rxf4 19. gxf4 Qh5 20. Ba2 d4 21. Qxd4 0-0 22. Bc4 Qh1+ 23. Bf1 Be6 24. Ne4 Nxe4 25. Qxe4 b5 26. Kd2 Rd8+ 27. Bd3 Qh4 28. g3 Qh2 29. Qf3 Qh3 30. Kc2 Ba2 31. f5 Qh6 32. f6 g6 33. Kd2 Be6 34. Kc2 Qf8 35. e4 Qc5+ 36. Kd2 Qd4 37. Rc3 a5 38. Qe3 Qxf6 39. e5 Qe7 40. Ke1 b4 41. axb4 Qxb4 42. Qe2 a4 43. Kf1 Bg4 44. f3 Bh3+ 45. Kg1 Be6 46. Bc4 Qb6+ 47. Kg2 Bf5 48. g4 Bc8 49. Re3 Qb4 50. Rd3 Re8 51. Re3 Qe7 52. Bb5 Rd8 53. Bxa4 Qb4 54. Re4 Qa5 55. Kg3 Bb7 56. Qe1 Qa7 57. Rf4 Qb6 58. b4 Rd3 59. Rf6 Qd4 60. Rf4 1-0

[Event "Kharkov op"]
[Site "Kharkov"]
[Date "2004.07.15"]
[Round "7"]
[White "Vedmediuc, Serghei"]
[Black "Ivanov, Andrey A"]
[Result "0-1"]
[WhiteElo "2278"]
[BlackElo "2333"]
[PlyCount "89"]
[EventDate "2004.07.08"]
[EventType "swiss"]
[EventRounds "9"]
[EventCountry "UKR"]
[SourceTitle "CBM 101 Extra"]
[Source "ChessBase"]
[SourceDate "2004.09.01"]
[SourceVersion "2"]
[SourceVersionDate "2004.09.01"]
[SourceQuality "1"]

1. e4 e5 2. Nf3 d6 3. d4 exd4 4. Qxd4 a6 5. Bg5 Nc6 6. Qc3 Nf6 7. Bxf6 Qxf6 8. Qxf6 gxf6 9. Nc3 f5 10. Nd5 Kd8 11. exf5 Bxf5 12. 0-0-0 Bh6+ 13. Kb1 Rg8 14. g3 Be6 15. Bg2 Bg7 16. Ng5 h6 17. Ne4 Be5 18. f4 Bh8 19. Rhe1 Rg6 20. c3 Rb8 21. Bf3 Bf5 22. Ne3 Bd7 23. Bh5 Re6 24. Nd5 f5 25. Nd2 Ne7 26. Bf7 Rxe1 27. Rxe1 Nxd5 28. Bxd5 c6 29. Be6 Kc7 30. Bxd7 Kxd7 31. Kc2 b5 32. Nf1 Rf8 33. Ne3 Rf7 34. a4 d5 35. axb5 axb5 36. Ra1 Ke6 37. Ra6 Kd6 38. Kd3 Bg7 39. Ra8 Bf8 40. b4 Bg7 41. Rg8 Ke6 42. Nc2 Re7 43. Rd8 Kf7 44. Rc8 Re6 45. Ne3 0-1

[Event "Kharkov op"]
[Site "Kharkov"]
[Date "2004.07.14"]
[Round "6"]
[White "Ivanov, Andrey A"]
[Black "Ianovsky, Alexander"]
[Result "1/2-1/2"]
[WhiteElo "2333"]
[BlackElo "2248"]
[PlyCount "81"]
[EventDate "2004.07.08"]
[EventType "swiss"]
[EventRounds "9"]
[EventCountry "UKR"]
[SourceTitle "CBM 101 Extra"]
[Source "ChessBase"]
[SourceDate "2004.09.01"]
[SourceVersion "2"]
[SourceVersionDate "2004.09.01"]
[SourceQuality "1"]

1. e4 c5 2. Nf3 d6 3. Bb5+ Bd7 4. Bxd7+ Qxd7 5. 0-0 Nf6 6. Re1 Nc6 7. c3 e6 8. d4 cxd4 9. cxd4 d5 10. e5 Ne4 11. Re2 h6 12. Ne1 Rc8 13. Be3 Be7 14. f3 Ng5 15. Nd3 b6 16. Nc3 f6 17. Bf2 0-0 18. Qa4 Qe8 19. Rd1 Qg6 20. Bg3 fxe5 21. dxe5 Bc5+ 22. Nxc5 bxc5 23. Nb5 Rb8 24. Rf2 Rb6 25. Nd6 Nf7 26. Nxf7 Rxf7 27. b3 Qf5 28. Rc1 Nxe5 29. Rxc5 Kh7 30. Re2 Nd3 31. Ra5 Qg5 32. Kf1 Rc7 33. Rxa7 Rc1+ 34. Be1 Rxe1+ 35. Rxe1 Qd2 36. Rxg7+ Kxg7 37. Qd7+ Kf6 38. Qd8+ Kf7 39. Qd7+ Kf6 40. Qd8+ Kf7 41. Qd7+ 1/2-1/2

[Event "Kharkov op"]
[Site "Kharkov"]
[Date "2004.07.11"]
[Round "4"]
[White "Averjanov, Alexey"]
[Black "Ivanov, Andrey A"]
[Result "1/2-1/2"]
[WhiteElo "2418"]
[BlackElo "2333"]
[PlyCount "37"]
[EventDate "2004.07.08"]
[EventType "swiss"]
[EventRounds "9"]
[EventCountry "UKR"]
[SourceTitle "CBM 101 Extra"]
[Source "ChessBase"]
[SourceDate "2004.09.01"]
[SourceVersion "2"]
[SourceVersionDate "2004.09.01"]
[SourceQuality "1"]

1. e4 e5 2. Nf3 d6 3. d4 exd4 4. Nxd4 Nf6 5. Nc3 Be7 6. g3 c6 7. Bg2 Na6 8. 0-0 0-0 9. h3 Nc7 10. g4 d5 11. e5 Nd7 12. f4 Nb6 13. Nf5 Bc5+ 14. Kh1 f6 15. exf6 Qxf6 16. Ng3 Bd7 17. f5 a6 18. a4 a5 19. Bf4 1/2-1/2

[Event "Kharkov op"]
[Site "Kharkov"]
[Date "2004.07.08"]
[Round "1"]
[White "Ivanov, Andrey A"]
[Black "Kovalenko, Sergey D"]
[Result "1-0"]
[WhiteElo "2333"]
[BlackElo "2300"]
[PlyCount "43"]
[EventDate "2004.07.08"]
[EventType "swiss"]
[EventRounds "9"]
[EventCountry "UKR"]
[SourceTitle "CBM 101 Extra"]
[Source "ChessBase"]
[SourceDate "2004.09.01"]
[SourceVersion "2"]
[SourceVersionDate "2004.09.01"]
[SourceQuality "1"]

1. e4 c5 2. Nf3 e6 3. Nc3 a6 4. d4 cxd4 5. Nxd4 Qc7 6. Bd3 Nf6 7. Qe2 Bb4 8. Bd2 d6 9. 0-0 0-0 10. Ncb5 axb5 11. Bxb4 Rd8 12. Nxb5 Qb6 13. Bxd6 Ne8 14. Bf4 Nc6 15. e5 Nd4 16. Nxd4 Qxd4 17. Qe4 Qxe4 18. Bxe4 Nc7 19. Rfd1 Re8 20. c4 h6 21. Be3 Ra6 22. a4 1-0

[Event "UKR-ch"]
[Site "Simferopol"]
[Date "2003.11.12"]
[Round "9"]
[White "Vasilevich, Tatjana"]
[Black "Ivanov, Andrey A"]
[Result "0-1"]
[WhiteElo "2425"]
[BlackElo "2311"]
[PlyCount "140"]
[EventDate "2003.11.04"]
[EventType "swiss"]
[EventRounds "9"]
[EventCountry "UKR"]
[SourceTitle "CBM 097 Extra"]
[Source "ChessBase"]
[SourceDate "2004.01.13"]
[SourceVersion "1"]
[SourceVersionDate "2004.01.13"]
[SourceQuality "1"]

1. d4 d5 2. c4 c6 3. Nf3 Nf6 4. Nc3 Qb6 5. Qc2 Bg4 6. c5 Qc7 7. Ne5 Nbd7 8. h3 Bh5 9. Bf4 Qc8 10. e3 Nxe5 11. Bxe5 Nd7 12. Bg3 e5 13. Be2 Bg6 14. Qd2 Be7 15. 0-0 0-0 16. b4 Bf6 17. f4 exd4 18. exd4 h6 19. f5 Bh7 20. Bf4 a5 21. b5 Re8 22. Be3 Qd8 23. bxc6 bxc6 24. Bf3 Rb8 25. Rad1 Qe7 26. Rde1 Bh4 27. Re2 Qf6 28. Bf4 Rxe2 29. Nxe2 Bg5 30. g4 g6 31. Qxa5 Bxf4 32. Nxf4 gxf5 33. Qc7 fxg4 34. hxg4 Rb2 35. Bg2 Be4 36. Bxe4 dxe4 37. Qc8+ Nf8 38. Qf5 Qe7 39. Nh5 Qh4 40. Qf4 Ne6 41. Qg3 Qg5 42. Kh1 e3 43. Re1 Rf2 44. Kg1 Nf4 45. Rxe3 Rg2+ 46. Qxg2 Nxg2 47. Re8+ Kh7 48. Kxg2 Qxg4+ 49. Ng3 Qxd4 50. Ra8 Qxc5 51. a4 Qb6 52. a5 Qb7 53. Rf8 c5+ 54. Kf2 c4 55. Ne2 Qd7 56. a6 Kg7 57. Ra8 Qc6 58. Rb8 Qxa6 59. Rb1 f5 60. Rc1 Qe6 61. Rc3 Qb6+ 62. Kg2 Qc5 63. Rg3+ Kf7 64. Rh3 Qc6+ 65. Kf2 Ke7 66. Rc3 Kd7 67. Rf3 Qd5 68. Rh3 Qe6 69. Rc3 Kd6 70. Rh3 Kc5 0-1